[Event "Goldmoney Asian Rapid KO"]
[Site "chess24.com INT"]
[Date "2021.06.29"]
[Round "1.11"]
[White "Carlsen, Magnus"]
[Black "So, Wesley"]
[Result "1-0"]
[WhiteTitle "GM"]
[BlackTitle "GM"]
[WhiteElo "2847"]
[BlackElo "2770"]
[WhiteFideId "1503014"]
[BlackFideId "5202213"]
[EventDate "2021.06.29"]

1. c4 e5 2. Nc3 Nf6 3. Nf3 Nc6 4. a3 d5 5. cxd5 Nxd5 6. Qc2 f5 7. d3 Be7 8. e3
Be6 9. Be2 O-O 10. O-O a5 11. Rd1 Kh8 12. Na4 Qd6 13. Bd2 g5 14. d4 e4 15. Ne5
Nxe5 16. dxe5 Qxe5 17. Bc4 Bf6 18. Nc5 Bg8 19. Rab1 Qe7 20. Nxb7 f4 21. Nxa5
fxe3 22. fxe3 Rxa5 23. Bxd5 Rxd5 24. Bb4 Rxd1+ 25. Rxd1 c5 26. Bxc5 Qc7 27. b4
Re8 28. a4 Be5 29. h3 g4 30. hxg4 Qg7 31. Bd4 Be6 32. Qc6 Bd7 33. Qxd7 1-0

[Event "Goldmoney Asian Rapid KO"]
[Site "chess24.com INT"]
[Date "2021.06.29"]
[Round "1.11"]
[White "Duda, Jan-Krzysztof"]
[Black "Ding, Liren"]
[Result "1/2-1/2"]
[WhiteTitle "GM"]
[BlackTitle "GM"]
[WhiteElo "2729"]
[BlackElo "2799"]
[WhiteFideId "1170546"]
[BlackFideId "8603677"]
[EventDate "2021.06.29"]

1. d4 Nf6 2. c4 e6 3. Nf3 d5 4. Nc3 Bb4 5. Qa4+ Nc6 6. e3 O-O 7. Qc2 Re8 8. Bd2
Bf8 9. a3 h6 10. cxd5 exd5 11. Bd3 Bg4 12. O-O-O Bd7 13. h3 b5 14. Bxb5 Rb8 15.
Bxc6 Bxc6 16. Ne5 Ba8 17. Nd3 Ne4 18. Nxe4 dxe4 19. Nc5 Bd5 20. Ba5 Qc8 21. b4
Rb6 22. Kb2 Rg6 23. g3 c6 24. Na4 Rf6 25. Rd2 Qe6 26. h4 Bc4 27. Rc1 Bd3 28. Qd1
Qh3 29. Bc7 Ree6 30. Nc5 Bxc5 31. Rxc5 Rf5 32. Be5 a6 33. Rc1 f6 34. Bc7 Rd5 35.
Qb3 Kh7 36. Rxd3 exd3 37. Qxd3+ Qf5 38. Kc3 g6 39. Qxf5 Rxf5 40. Rc2 g5 41. Kd3
h5 42. f4 gxf4 43. e4 Rb5 44. gxf4 f5 45. Be5 fxe4+ 46. Kxe4 Rg6 47. Rc4 a5 48.
bxa5 Rxa5 49. a4 Ra6 50. Rb4 Rg4 51. Kf5 Ra7 52. Rc4 Rxh4 53. Rxc6 Rg4 54. d5
Rg8 55. d6 h4 56. Rc3 Rxa4 57. Bf6 Ra5+ 58. Ke6 Rh5 59. Rh3 Rf8 60. Bg5 Kg6 61.
d7 Rxg5 62. fxg5 Kxg5 63. Rc3 Rd8 64. Rc8 Rxd7 65. Kxd7 h3 66. Ke6 Kg4 67. Rc4+
Kg3 68. Kf5 h2 69. Rc3+ Kg2 70. Kg4 h1=Q 71. Rc2+ Kg1 72. Rc1+ Kh2 73. Rxh1+
Kxh1 1/2-1/2

[Event "Goldmoney Asian Rapid KO"]
[Site "chess24.com INT"]
[Date "2021.06.29"]
[Round "1.11"]
[White "Artemiev, Vladislav"]
[Black "Giri, Anish"]
[Result "1-0"]
[WhiteTitle "GM"]
[BlackTitle "GM"]
[WhiteElo "2704"]
[BlackElo "2780"]
[WhiteFideId "24101605"]
[BlackFideId "24116068"]
[EventDate "2021.06.29"]

1. Nf3 d5 2. g3 g6 3. Bg2 Bg7 4. O-O e5 5. d3 Nc6 6. Nbd2 Nf6 7. e4 O-O 8. c3 a5
9. Qc2 Re8 10. b3 d4 11. cxd4 exd4 12. a3 Nd7 13. Nc4 Nc5 14. Bg5 Qd7 15. Rab1
b5 16. Ncd2 Ne6 17. e5 Ne7 18. Ne4 Bb7 19. Nc5 Nxc5 20. Qxc5 Nf5 21. Rfe1 Bf8
22. Qc1 c5 23. a4 Bd5 24. axb5 Qb7 25. Qf4 Ng7 26. Nh4 Ne6 27. Bxd5 Qxd5 28. Qf3
Qxf3 29. Nxf3 Reb8 30. h4 Rxb5 31. Nd2 Rab8 32. Ra1 h6 33. Bf6 Bg7 34. Ra3 Nc7
35. Be7 Nd5 36. Bd6 R8b7 37. Ne4 Rxb3 38. Rxa5 Nb4 39. Ra8+ Kh7 40. Nf6+ Bxf6
41. exf6 Nd5 42. Ree8 Nxf6 43. Rh8+ Kg7 44. Be5 1-0

[Event "Goldmoney Asian Rapid KO"]
[Site "chess24.com INT"]
[Date "2021.06.29"]
[Round "1.12"]
[White "So, Wesley"]
[Black "Carlsen, Magnus"]
[Result "1-0"]
[WhiteTitle "GM"]
[BlackTitle "GM"]
[WhiteElo "2770"]
[BlackElo "2847"]
[WhiteFideId "5202213"]
[BlackFideId "1503014"]
[EventDate "2021.06.29"]

1. e4 e5 2. Nf3 Nc6 3. Bc4 Bc5 4. c3 Nf6 5. d3 d6 6. O-O h6 7. Re1 O-O 8. Nbd2
a6 9. Nf1 Ba7 10. a4 Re8 11. h3 Be6 12. Bxe6 Rxe6 13. b4 Qd7 14. Qc2 d5 15. Be3
Bxe3 16. Nxe3 Ne7 17. c4 d4 18. Nf5 a5 19. b5 c5 20. N3h4 Ng6 21. g3 Ne8 22. Kh2
Nd6 23. Qe2 Nxh4 24. Nxh4 Qe7 25. Nf5 Qf6 26. Nxd6 Rxd6 27. Rf1 Re8 28. f4 Qd8
29. Qh5 f6 30. h4 Qd7 31. Rf2 Qf7 32. Qf3 exf4 33. gxf4 f5 34. e5 Rg6 35. Rg1
Rxg1 36. Kxg1 b6 37. Rg2 Kh7 38. h5 Re6 39. Kf2 Qe7 40. Qh3 Qf7 41. Ke1 g6 42.
hxg6+ Rxg6 43. Qh5 Rf6 44. Qxf7+ Rxf7 45. Kf2 Re7 46. Kg3 1-0

[Event "Goldmoney Asian Rapid KO"]
[Site "chess24.com INT"]
[Date "2021.06.29"]
[Round "1.12"]
[White "Ding, Liren"]
[Black "Duda, Jan-Krzysztof"]
[Result "1/2-1/2"]
[WhiteTitle "GM"]
[BlackTitle "GM"]
[WhiteElo "2799"]
[BlackElo "2729"]
[WhiteFideId "8603677"]
[BlackFideId "1170546"]
[EventDate "2021.06.29"]

1. d4 d5 2. c4 c6 3. Nf3 Nf6 4. Nc3 e6 5. Bg5 Nbd7 6. cxd5 exd5 7. e3 Be7 8. Bd3
Ne4 9. Bf4 Ndf6 10. O-O Bf5 11. Qc2 O-O 12. Ne5 g6 13. f3 Nd6 14. Bxf5 Nxf5 15.
g4 Ng7 16. Rad1 Nd7 17. Nd3 Bg5 18. Qf2 Bxf4 19. Nxf4 a5 20. e4 Ne6 21. Nfe2
dxe4 22. fxe4 Qg5 23. Qg3 h5 24. gxh5 Qxh5 25. Nf4 Qg5 26. Nxe6 Qxg3+ 27. hxg3
fxe6 28. Kg2 Nb6 29. Rxf8+ Rxf8 30. b3 a4 31. Nxa4 Nxa4 32. bxa4 Ra8 33. Rb1
Rxa4 34. Rxb7 Rxd4 35. Kf3 e5 36. Re7 Ra4 37. Rxe5 Rxa2 38. Re6 Rc2 39. Rxg6+
Kf7 40. Rh6 c5 41. Kf4 c4 42. Ke5 c3 43. Rf6+ Ke7 44. Rf3 Rc1 45. Kf4 Kd6 46.
Kf5 c2 47. Rf2 Rg1 48. e5+ Ke7 49. Rxc2 Rxg3 50. Rc7+ Kf8 51. Kf6 Rf3+ 52. Ke6
Re3 53. Rf7+ Ke8 54. Ra7 Kf8 55. Ra8+ Kg7 56. Re8 Re1 57. Kd7 Rd1+ 58. Ke7 Ra1
59. Rd8 Ra7+ 60. Ke8 Ra6 61. Rd7+ Kg8 62. Rd6 Ra8+ 63. Ke7 Kg7 64. e6 Kg6 65.
Rd8 Ra7+ 66. Rd7 Ra8 67. Rc7 Kg7 68. Rd7 Kg6 69. Rb7 Kg7 70. Rc7 Kg6 71. Rc1
Ra7+ 72. Kd6 Ra6+ 73. Kd7 Ra7+ 74. Rc7 Ra8 75. Rc8 Ra7+ 76. Kd6 Ra6+ 77. Ke7
Ra7+ 78. Kd6 Ra6+ 79. Kd7 Ra7+ 80. Rc7 Ra8 81. Ke7 Kg7 82. Rc6 Kg6 83. Rd6 Kg7
84. Rd1 Ra7+ 85. Rd7 Ra8 86. Rb7 Kg6 87. Rc7 1/2-1/2

[Event "Goldmoney Asian Rapid KO"]
[Site "chess24.com INT"]
[Date "2021.06.29"]
[Round "1.12"]
[White "Giri, Anish"]
[Black "Artemiev, Vladislav"]
[Result "0-1"]
[WhiteTitle "GM"]
[BlackTitle "GM"]
[WhiteElo "2780"]
[BlackElo "2704"]
[WhiteFideId "24116068"]
[BlackFideId "24101605"]
[EventDate "2021.06.29"]

1. e4 c6 2. d4 d5 3. e5 Bf5 4. h4 Qc8 5. c4 h6 6. Nc3 e6 7. Nge2 Ne7 8. Ng3 Bh7
9. Bd3 Bxd3 10. Qxd3 dxc4 11. Qxc4 Nd7 12. O-O Nd5 13. Nxd5 cxd5 14. Qe2 Qc4 15.
Qd1 Be7 16. b3 Qb4 17. a3 Qb6 18. Qg4 g5 19. h5 Qxb3 20. Bd2 Qa4 21. Bb4 a5 22.
Bxe7 Kxe7 23. Rae1 Rac8 24. Re3 Qc2 25. Ne2 Qd2 26. Qg3 Rhg8 27. f4 gxf4 28.
Qxf4 Rg7 29. Qxh6 Rcg8 30. Kh1 Rxg2 31. Qh7 R8g7 0-1

[Event "Goldmoney Asian Rapid KO"]
[Site "chess24.com INT"]
[Date "2021.06.29"]
[Round "1.13"]
[White "Carlsen, Magnus"]
[Black "So, Wesley"]
[Result "1-0"]
[WhiteTitle "GM"]
[BlackTitle "GM"]
[WhiteElo "2847"]
[BlackElo "2770"]
[WhiteFideId "1503014"]
[BlackFideId "5202213"]
[EventDate "2021.06.29"]

1. c4 e5 2. Nc3 Nf6 3. Nf3 Nc6 4. d3 d5 5. cxd5 Nxd5 6. e4 Nxc3 7. bxc3 Bc5 8.
Be2 O-O 9. O-O Kh8 10. Be3 Bxe3 11. fxe3 Qe7 12. Qc2 f5 13. Nd2 Be6 14. d4 Qg5
15. Rf3 fxe4 16. Nxe4 Qh6 17. Re1 b6 18. Nf2 Ne7 19. Qe4 exd4 20. cxd4 Rfe8 21.
Qe5 Nd5 22. Bb5 Re7 23. Bc6 Bg8 24. Qxe7 Nxe7 25. Bxa8 Qd6 26. Be4 c5 27. Rd1 c4
28. Bb1 c3 29. d5 b5 30. Ne4 Qc7 31. Bc2 Nxd5 32. Rf8 Ne7 33. Rdd8 h6 34. Nd6 g6
35. Nc8 Qe5 36. Kf2 Kg7 37. Nxe7 Bf7 38. Nxg6 Qe6 39. Bb3 Qf6+ 40. Nf4 Qh4+ 41.
Kf3 Bxb3 42. axb3 c2 43. Rg8+ Kh7 44. Rh8+ Kg7 45. Rdg8+ Kf7 46. Rf8+ Kg7 47.
Ne6+ 1-0

[Event "Goldmoney Asian Rapid KO"]
[Site "chess24.com INT"]
[Date "2021.06.29"]
[Round "1.13"]
[White "Duda, Jan-Krzysztof"]
[Black "Ding, Liren"]
[Result "1/2-1/2"]
[WhiteTitle "GM"]
[BlackTitle "GM"]
[WhiteElo "2729"]
[BlackElo "2799"]
[WhiteFideId "1170546"]
[BlackFideId "8603677"]
[EventDate "2021.06.29"]

1. d4 Nf6 2. c4 e6 3. Nf3 d5 4. Nc3 c5 5. cxd5 Nxd5 6. e4 Nxc3 7. bxc3 cxd4 8.
cxd4 Bb4+ 9. Bd2 Bxd2+ 10. Qxd2 O-O 11. Bc4 Nd7 12. O-O b6 13. Rfe1 Bb7 14. Rad1
Rc8 15. Bb3 Re8 16. d5 exd5 17. exd5 Nc5 18. d6 Bxf3 19. Rxe8+ Qxe8 20. gxf3 Qc6
21. Qg5 Re8 22. Kg2 Qd7 23. Bc4 h6 24. Qh5 a6 25. Rd4 Ne6 26. Rg4 b5 27. Bb3
Qxd6 28. Qxh6 Qe5 29. h4 Kf8 30. Qd2 f5 31. Rg3 Nf4+ 32. Kh2 Nh5 33. Qd7 Re7 34.
Qc8+ Re8 35. Qd7 Re7 36. Qc8+ Re8 37. Qd7 1/2-1/2

[Event "Goldmoney Asian Rapid KO"]
[Site "chess24.com INT"]
[Date "2021.06.29"]
[Round "1.13"]
[White "Artemiev, Vladislav"]
[Black "Giri, Anish"]
[Result "1-0"]
[WhiteTitle "GM"]
[BlackTitle "GM"]
[WhiteElo "2704"]
[BlackElo "2780"]
[WhiteFideId "24101605"]
[BlackFideId "24116068"]
[EventDate "2021.06.29"]

1. Nf3 d5 2. d4 Nf6 3. c4 e6 4. Nc3 c6 5. e3 Nbd7 6. Bd3 dxc4 7. Bxc4 b5 8. Be2
b4 9. Na4 Bb7 10. O-O Be7 11. b3 O-O 12. Bb2 Rc8 13. Rc1 c5 14. dxc5 Nxc5 15.
Nxc5 Bxc5 16. Qxd8 Rfxd8 17. Rfd1 Ne4 18. Kf1 a5 19. Rxd8+ Rxd8 20. Ng5 Bxe3 21.
fxe3 Nxg5 22. Rc7 Bd5 23. Ra7 h6 24. Be5 Rc8 25. Bc7 a4 26. bxa4 Bxa2 27. Ba6
Re8 28. Rb7 b3 29. Bd3 e5 30. Bxe5 Ne6 31. Bd4 Rd8 32. a5 g5 33. a6 Nxd4 34.
exd4 Kg7 35. a7 Ra8 36. Bc4 1-0

[Event "Goldmoney Asian Rapid KO"]
[Site "chess24.com INT"]
[Date "2021.06.29"]
[Round "1.14"]
[White "So, Wesley"]
[Black "Carlsen, Magnus"]
[Result "1/2-1/2"]
[WhiteTitle "GM"]
[BlackTitle "GM"]
[WhiteElo "2770"]
[BlackElo "2847"]
[WhiteFideId "5202213"]
[BlackFideId "1503014"]
[EventDate "2021.06.29"]

1. e4 e5 2. Nf3 Nc6 3. Bc4 Bc5 4. c3 Nf6 5. d3 h6 6. b4 Be7 7. O-O O-O 8. Re1 d6
9. Nbd2 Nh7 10. a4 Ng5 11. b5 Nb8 12. d4 Bg4 13. h3 Bh5 14. Be2 Nxf3+ 15. Bxf3
Bxf3 16. Nxf3 a6 17. Be3 axb5 18. axb5 Rxa1 19. Qxa1 Nd7 20. Qa7 Qb8 21. Ra1
exd4 22. cxd4 d5 23. e5 Nb6 24. Nd2 Qc8 25. Rc1 Bb4 26. Nf1 Nc4 27. Qa4 Be7 28.
Nd2 Nb6 29. Qb3 Qd7 30. Ra1 Ra8 31. Rxa8+ Nxa8 32. Qa4 Nb6 33. Qa7 Qc8 34. Qa5
Qf5 35. Qc3 Qd7 36. Kh2 c6 37. bxc6 Qxc6 38. Qxc6 bxc6 39. g4 Bb4 40. Nb3 Nc4
41. Bc1 g5 42. Kg3 Kg7 43. h4 f6 44. exf6+ Kxf6 45. f4 Bd6 46. hxg5+ hxg5 47.
Kf3 gxf4 48. Bxf4 Be7 49. Bg3 Kg6 50. Bf2 Bd6 51. Be1 Be7 52. Bf2 Bd6 53. Bh4
Bf8 54. Bg3 Be7 55. Bh2 Bf8 56. Bg1 Bd6 57. Bf2 Be7 58. Nc1 Nd2+ 59. Ke2 Ne4 60.
Nd3 Nxf2 61. Kxf2 Bf6 62. Ke3 Kg5 63. Nb4 Bxd4+ 64. Kxd4 c5+ 65. Kxc5 d4 66. Nd3
Kxg4 67. Nf4 Kxf4 68. Kxd4 1/2-1/2

[Event "Goldmoney Asian Rapid KO"]
[Site "chess24.com INT"]
[Date "2021.06.29"]
[Round "1.14"]
[White "Ding, Liren"]
[Black "Duda, Jan-Krzysztof"]
[Result "1/2-1/2"]
[WhiteTitle "GM"]
[BlackTitle "GM"]
[WhiteElo "2799"]
[BlackElo "2729"]
[WhiteFideId "8603677"]
[BlackFideId "1170546"]
[EventDate "2021.06.29"]

1. d4 d5 2. c4 c6 3. Nf3 Nf6 4. Nc3 e6 5. Bg5 Nbd7 6. cxd5 exd5 7. e3 Be7 8. Bd3
h6 9. Bf4 Nh5 10. Be5 Nhf6 11. h3 Nxe5 12. dxe5 Nd7 13. e6 fxe6 14. Bg6+ Kf8 15.
O-O Bd6 16. e4 Qf6 17. exd5 exd5 18. Qc2 Nc5 19. Rae1 Bd7 20. Re3 Ne6 21. Ne2
Kg8 22. Re1 Rf8 23. h4 h5 24. Ng3 Nf4 25. Be8 Bg4 26. Ng5 Rh6 27. a3 a5 28. Kh1
Qd4 29. Qb3 Bc8 30. Kg1 Nxg2 31. Kxg2 Qxh4 32. Bf7+ Rxf7 33. Nxf7 Kxf7 34. Rf3+
Rf6 35. Rxf6+ Qxf6 36. Nxh5 Qg6+ 37. Ng3 Qg4 38. Re3 a4 39. Rf3+ Kg8 40. Qb6 Qh4
41. Re3 Kf7 42. Rf3+ Kg8 43. Re3 Kf7 44. Rf3+ Kg8 1/2-1/2

[Event "Goldmoney Asian Rapid KO"]
[Site "chess24.com INT"]
[Date "2021.06.30"]
[Round "1.21"]
[White "So, Wesley"]
[Black "Carlsen, Magnus"]
[Result "0-1"]
[WhiteTitle "GM"]
[BlackTitle "GM"]
[WhiteElo "2770"]
[BlackElo "2847"]
[WhiteFideId "5202213"]
[BlackFideId "1503014"]
[EventDate "2021.06.29"]

1. e4 e5 2. Nf3 Nc6 3. Bc4 Bc5 4. c3 Nf6 5. d3 d6 6. Bg5 h6 7. Bh4 a6 8. Nbd2
Ba7 9. a4 Qe7 10. O-O Be6 11. b4 O-O 12. Re1 Bxc4 13. Nxc4 Qe6 14. b5 Ne7 15.
Bxf6 Qxf6 16. Rb1 axb5 17. axb5 Ng6 18. g3 Rfc8 19. Kg2 Nf8 20. d4 Qe6 21. Qd3
Nd7 22. h4 Bb6 23. Ne3 Nf6 24. Nc4 Ra2 25. Nfd2 Rca8 26. Re2 R8a4 27. Rbe1 g6
28. Nxb6 cxb6 29. Nf3 Kg7 30. Rxa2 Rxa2 31. c4 Ra4 32. Nd2 Ra2 33. Re2 Qg4 34.
f3 Qc8 35. Rf2 Ra4 36. Qb3 Qa8 37. Qc3 Qa5 38. Qxa5 bxa5 39. dxe5 dxe5 40. Nb3
b6 41. Rc2 Ra3 42. Nd2 Nd7 43. c5 Nxc5 44. Nc4 Rb3 45. Nxb6 Rxb5 46. Nc4 a4 47.
Nxe5 Nxe4 48. Nd3 Nd6 49. Rc6 Rd5 50. Nb4 Rd2+ 51. Kh3 Nf5 52. Ra6 Rf2 53. Kg4
h5+ 54. Kf4 Rd2 55. g4 Rd4+ 56. Ke5 hxg4 57. fxg4 Rxg4 58. Nd5 Rxh4 59. Nf6 Rh1
60. Ne8+ Kf8 61. Nf6 Re1+ 62. Kf4 Kg7 63. Ne4 Ra1 64. Nc3 a3 65. Ke4 Ng3+ 66.
Kf3 Nh5 67. Ra7 g5 68. Ra6 f5 69. Ra7+ Kf6 70. Ra6+ Kf7 71. Ra7+ Ke6 72. Ra6+
Kd7 73. Ra5 g4+ 74. Kf2 Ke6 75. Nb5 a2 76. Nd4+ Kd7 77. Ra7+ Ke8 78. Nxf5 Rh1
79. Ng3 Nxg3 80. Rxa2 Nf5 81. Ra4 g3+ 82. Kg2 Rh2+ 83. Kg1 Re2 84. Rg4 Re1+ 85.
Kg2 Ne3+ 0-1

[Event "Goldmoney Asian Rapid KO"]
[Site "chess24.com INT"]
[Date "2021.06.30"]
[Round "1.21"]
[White "Ding, Liren"]
[Black "Duda, Jan-Krzysztof"]
[Result "0-1"]
[WhiteTitle "GM"]
[BlackTitle "GM"]
[WhiteElo "2799"]
[BlackElo "2729"]
[WhiteFideId "8603677"]
[BlackFideId "1170546"]
[EventDate "2021.06.29"]

1. d4 d5 2. c4 c6 3. Nf3 Nf6 4. Nc3 e6 5. Bg5 Nbd7 6. cxd5 exd5 7. e3 h6 8. Bh4
Be7 9. Qc2 O-O 10. Bd3 Re8 11. Nd2 Nh5 12. Bxe7 Qxe7 13. O-O Nhf6 14. h3 Nb6 15.
Rab1 a5 16. Rbe1 Be6 17. f4 Nc8 18. Nf3 Nd6 19. g4 Nfe4 20. Qg2 f6 21. Nh4 a4
22. Bxe4 dxe4 23. a3 Bf7 24. f5 Kh7 25. Rf2 b5 26. Qg3 Rac8 27. Rd1 Nc4 28. Ng2
Ra8 29. h4 Nxb2 30. Rxb2 Qxa3 31. Rc2 Qe7 32. d5 b4 33. Nxa4 Rxa4 34. Rxc6 b3
35. d6 Qd8 36. Rc7 b2 37. Rxf7 Ra1 38. Qe1 Rxd1 39. Qxd1 Qb6 40. Qb1 Ra8 41. Kf2
Qb3 42. g5 Qa2 43. g6+ Kg8 44. Qxa2 Rxa2 45. Kg3 b1=Q 0-1

[Event "Goldmoney Asian Rapid KO"]
[Site "chess24.com INT"]
[Date "2021.06.30"]
[Round "1.21"]
[White "Giri, Anish"]
[Black "Artemiev, Vladislav"]
[Result "0-1"]
[WhiteTitle "GM"]
[BlackTitle "GM"]
[WhiteElo "2780"]
[BlackElo "2704"]
[WhiteFideId "24116068"]
[BlackFideId "24101605"]
[EventDate "2021.06.29"]

1. e4 c6 2. d4 d5 3. e5 Bf5 4. h4 h5 5. c4 e6 6. Nc3 dxc4 7. Bxc4 Nd7 8. Nge2
Be7 9. g3 Bg4 10. Bf4 Nh6 11. Qd3 b5 12. Bb3 Nc5 13. Qd1 Nxb3 14. axb3 b4 15.
Bxh6 bxc3 16. Bxg7 cxb2 17. Rb1 Rg8 18. Bf6 Qd5 19. Rh2 Ba3 20. Bg5 Bf5 21. Nc3
Bb4 0-1

[Event "Goldmoney Asian Rapid KO"]
[Site "chess24.com INT"]
[Date "2021.06.30"]
[Round "1.22"]
[White "Carlsen, Magnus"]
[Black "So, Wesley"]
[Result "1/2-1/2"]
[WhiteTitle "GM"]
[BlackTitle "GM"]
[WhiteElo "2847"]
[BlackElo "2770"]
[WhiteFideId "1503014"]
[BlackFideId "5202213"]
[EventDate "2021.06.29"]

1. e4 e5 2. Nf3 Nc6 3. Bb5 Nf6 4. O-O Nxe4 5. Re1 Nd6 6. Nxe5 Be7 7. Bf1 Nxe5 8.
Rxe5 O-O 9. d4 Bf6 10. Re1 Re8 11. c3 Rxe1 12. Qxe1 Ne8 13. Bf4 d5 14. Bd3 c6
15. Nd2 g6 16. Nf3 Ng7 17. Qe2 Bf5 18. Bxf5 Nxf5 19. Re1 Ng7 20. Be5 Bxe5 21.
Nxe5 Qd6 22. Qf3 f6 23. Nd3 Re8 24. Rxe8+ Nxe8 25. Qe3 Kf7 26. Qh6 Kg8 27. Qe3
Kf7 28. Qh6 Kg8 29. Qe3 1/2-1/2

[Event "Goldmoney Asian Rapid KO"]
[Site "chess24.com INT"]
[Date "2021.06.30"]
[Round "1.22"]
[White "Duda, Jan-Krzysztof"]
[Black "Ding, Liren"]
[Result "0-1"]
[WhiteTitle "GM"]
[BlackTitle "GM"]
[WhiteElo "2729"]
[BlackElo "2799"]
[WhiteFideId "1170546"]
[BlackFideId "8603677"]
[EventDate "2021.06.29"]

1. e4 c6 2. d4 d5 3. e5 c5 4. dxc5 e6 5. a3 Bxc5 6. Qg4 Ne7 7. b4 h5 8. Qd1 Bb6
9. Nf3 a5 10. b5 a4 11. Bd3 Nd7 12. O-O Nc5 13. Nc3 Bd7 14. Rb1 Qc7 15. Ne2
O-O-O 16. Rb4 Kb8 17. Be3 Rc8 18. Nc3 f6 19. exf6 gxf6 20. Nxa4 Nxa4 21. Rxa4 e5
22. Nh4 Rhg8 23. Bxb6 Qxb6 24. Qd2 d4 25. g3 Nd5 26. Rc4 Nc3 27. Qh6 Rxc4 28.
Bxc4 Rc8 29. Bd3 e4 30. Bxe4 Nxe4 31. Qf4+ Nd6 32. Rd1 Rc4 33. Qxf6 Ka7 34. a4
Rxa4 35. Nf3 Nxb5 36. Qf7 Bc6 37. Qxh5 Nc3 38. Re1 d3 39. cxd3 Ra2 40. d4 Ne2+
41. Kf1 Nxd4 42. Nxd4 Qxd4 43. Qf5 Ka6 44. h4 Rd2 45. Qf8 Qd3+ 46. Kg1 Rd1 47.
Qb4 Qf3 48. Qc4+ b5 49. Qxc6+ Qxc6 50. Rxd1 b4 51. h5 b3 0-1

[Event "Goldmoney Asian Rapid KO"]
[Site "chess24.com INT"]
[Date "2021.06.30"]
[Round "1.22"]
[White "Artemiev, Vladislav"]
[Black "Giri, Anish"]
[Result "1/2-1/2"]
[WhiteTitle "GM"]
[BlackTitle "GM"]
[WhiteElo "2704"]
[BlackElo "2780"]
[WhiteFideId "24101605"]
[BlackFideId "24116068"]
[EventDate "2021.06.29"]

1. Nf3 d5 2. g3 Bg4 3. Ne5 Bf5 4. c4 Nd7 5. d4 e6 6. Qb3 Nxe5 7. dxe5 Be4 8. f3
dxc4 9. Qxc4 Bd5 10. Qc2 Bb4+ 11. Bd2 Bxd2+ 12. Nxd2 Ne7 13. O-O-O O-O 14. e4
Bc6 15. Nc4 Qe8 16. Be2 Ba4 17. b3 Bb5 18. Kb2 a6 19. Rd2 Nc6 20. Rhd1 Qe7 21.
f4 Rfd8 22. a4 Bxc4 23. Qxc4 Rxd2+ 24. Rxd2 Rd8 25. Rxd8+ Qxd8 26. Qc3 Qd4 27.
Qxd4 Nxd4 28. Bd1 a5 29. Kc3 Nc6 30. Kc4 Na7 31. h4 Kf8 32. g4 h6 33. g5 hxg5
34. hxg5 Ke7 35. Bg4 g6 36. Be2 Kd7 37. Bg4 Kc6 38. Bh3 b6 39. Bg4 Kd7 40. Be2
Nc6 41. Kc3 Nb4 42. Bf1 Ke7 43. Be2 Kd8 44. Bf1 Ke8 45. Be2 Ke7 46. Bf1 Kd8 47.
Be2 Nc6 48. Kc4 Nb8 49. Kd4 c6 50. Bc4 Ke7 51. Be2 Ke8 52. Bc4 Kd8 53. Kc3 Nd7
54. Kd4 Ke7 55. Kc3 Nb8 56. Kd4 Kd8 57. Kc3 Kc7 58. Kd3 Nd7 59. Ke3 Kd8 60. Kd3
Ke7 61. Ke3 Kd8 62. Kd3 Ke7 63. Ke3 Kd8 1/2-1/2

[Event "Goldmoney Asian Rapid KO"]
[Site "chess24.com INT"]
[Date "2021.06.30"]
[Round "1.23"]
[White "So, Wesley"]
[Black "Carlsen, Magnus"]
[Result "1-0"]
[WhiteTitle "GM"]
[BlackTitle "GM"]
[WhiteElo "2770"]
[BlackElo "2847"]
[WhiteFideId "5202213"]
[BlackFideId "1503014"]
[EventDate "2021.06.29"]

1. e4 e5 2. Nf3 Nc6 3. Bc4 Bc5 4. c3 Nf6 5. d4 exd4 6. e5 d5 7. Bb5 Ne4 8. cxd4
Bb6 9. Nc3 O-O 10. Be3 Bg4 11. h3 Bh5 12. Qb3 Bxf3 13. gxf3 Ng5 14. O-O-O Nxf3
15. Qxd5 Qxd5 16. Nxd5 Bxd4 17. Bxc6 Bxe3+ 18. fxe3 bxc6 19. Ne7+ Kh8 20. Nxc6
Rae8 21. Rhf1 Nxe5 22. Nxe5 Rxe5 23. Rxf7 Rc5+ 24. Kb1 Kg8 25. Re7 Rf7 26. Rd8+
Rf8 27. Rd1 h6 28. a3 a5 29. Rdd7 Rg5 30. Rxc7 Rf1+ 31. Rc1 Rf2 32. h4 Rg4 33.
Rh1 Re2 34. Ka2 a4 35. h5 Rg5 36. Rh4 Rb5 37. Rb4 Rxh5 38. Rxa4 Rg5 39. Rb4 Kh7
40. a4 h5 41. Ka3 Kh6 42. Rc4 Rg3 43. a5 Rgxe3+ 44. Rxe3 Rxe3+ 45. Ka4 g5 46. a6
g4 47. Rc6+ Kg5 48. b4 Re1 49. Rc3 h4 50. a7 Re8 51. Rc5+ Kf4 52. b5 g3 53. b6
g2 54. b7 Re4+ 55. Ka5 g1=Q 56. b8=Q+ Ke3 57. Rc3+ 1-0

[Event "Goldmoney Asian Rapid KO"]
[Site "chess24.com INT"]
[Date "2021.06.30"]
[Round "1.23"]
[White "Ding, Liren"]
[Black "Duda, Jan-Krzysztof"]
[Result "1-0"]
[WhiteTitle "GM"]
[BlackTitle "GM"]
[WhiteElo "2799"]
[BlackElo "2729"]
[WhiteFideId "8603677"]
[BlackFideId "1170546"]
[EventDate "2021.06.29"]

1. d4 d5 2. c4 c6 3. Nf3 Nf6 4. Nc3 e6 5. Bg5 Nbd7 6. e3 Qa5 7. cxd5 Nxd5 8. Rc1
h6 9. Bh4 Nxc3 10. bxc3 Ba3 11. Rc2 b6 12. Be2 Ba6 13. O-O Bxe2 14. Rxe2 O-O 15.
c4 Rfe8 16. Qc2 Rac8 17. Rd1 Bf8 18. h3 c5 19. d5 exd5 20. Rxd5 Nb8 21. Red2 b5
22. Ne5 bxc4 23. Nxf7 Qa6 24. Rd6 Qb7 25. Nxh6+ gxh6 26. Rg6+ Bg7 27. Bf6 Rc7
28. Qxc4+ Kh7 29. Rxg7+ Rxg7 30. Bxg7 Qxg7 31. Rd5 Rc8 32. Qd3+ Kh8 33. Qf5 Rg8
34. g3 Rf8 35. Qe6 c4 36. Rh5 Kh7 37. Qxc4 Nd7 38. Rd5 Nb6 39. Qe4+ Qg6 40.
Qxg6+ Kxg6 41. Ra5 Rf7 42. Kg2 Nc4 43. Ra6+ Kg7 44. g4 Ne5 45. f4 Nc4 46. Re6
Rf6 47. Re4 Rc6 48. Kg3 a5 49. h4 a4 50. g5 h5 51. f5 Nd6 52. Re5 a3 53. Rd5 Kf7
54. Kf4 Ke7 55. g6 Rc4+ 56. Kg5 Ne4+ 57. Kh6 Nf6 58. Re5+ Kf8 59. Re6 Ng8+ 60.
Kh7 Rxh4 61. f6 Rg4 62. Ra6 Nxf6+ 63. Rxf6+ Ke7 64. Rf2 1-0

[Event "Goldmoney Asian Rapid KO"]
[Site "chess24.com INT"]
[Date "2021.06.30"]
[Round "1.23"]
[White "Giri, Anish"]
[Black "Artemiev, Vladislav"]
[Result "1/2-1/2"]
[WhiteTitle "GM"]
[BlackTitle "GM"]
[WhiteElo "2780"]
[BlackElo "2704"]
[WhiteFideId "24116068"]
[BlackFideId "24101605"]
[EventDate "2021.06.29"]

1. d4 d5 2. Bf4 c5 3. e3 cxd4 4. exd4 Nc6 5. c3 Bf5 6. Nf3 e6 7. Qb3 Qd7 8. Nbd2
Nge7 9. Be2 Ng6 10. Bg3 h5 11. h4 Bd6 12. Bxd6 Qxd6 13. g3 O-O 14. O-O Bg4 15.
Rfe1 Rae8 16. Qd1 e5 17. dxe5 Ngxe5 18. Nxe5 Nxe5 19. Nb3 f5 20. f4 Nc4 21. Bxg4
fxg4 22. Qc2 Qb6+ 23. Kh2 Re3 24. Qg2 Rd3 25. Re2 Ne3 26. Qf2 Nf5 27. Qxb6 axb6
28. Rg1 Kf7 29. Nc1 Re3 30. Rxe3 Nxe3 31. Re1 Re8 32. Nd3 Re4 33. Nf2 Re6 34.
Nd3 Re4 35. Nf2 Re6 36. Nd3 Re4 1/2-1/2